Airlines that serve Frankfurt (FRA) - Statistics

General Stats
  • This quiz has been taken 138 times
    10 since last reset
  • The average score is 67 of 89
Answer Stats
Answer % Correct
Aegean Airlines
100%
Aer Lingus
100%
Air Canada
100%
Air China
100%
Air France
100%
Air India
100%
American Airlines
100%
Austrian Airlines
100%
British Airways
100%
Brussels Airlines
100%
China Eastern Airlines
100%
China Southern Airlines
100%
Delta
100%
EgyptAir
100%
EL AL
100%
Emirates
100%
Eurowings
100%
Iberia
100%
ITA Airways
100%
KLM Royal Dutch Airlines
100%
LATAM Airlines
100%
Lufthansa
100%
Qatar Airways
100%
Royal Air Maroc
100%
SAS
100%
Singapore Airlines
100%
SWISS
100%
TAP Air Portugal
100%
Thai Airways International
100%
TUI fly
100%
Vietnam Airlines
100%
Air Algérie
88%
Air Europa
88%
Air Serbia
88%
Cathay Pacific
88%
China Airlines
88%
Condor
88%
easyJet
88%
Ethiopian Airlines
88%
Etihad Airways
88%
Finnair
88%
Gulf Air
88%
Icelandair
88%
Japan Airlines
88%
Korean Air
88%
LOT Polish Airlines
88%
Oman Air
88%
Pegasus Airlines
88%
Saudia
88%
Tunisair
88%
Turkish Airlines
88%
Uzbekistan Airways
88%
Air Astana
75%
airBaltic
75%
Air Dolomiti
75%
Asiana Airlines
75%
Bulgaria Air
75%
Croatia Airlines
75%
Kuwait Airways
75%
Middle East Airlines
75%
Royal Jordanian Airlines
75%
SriLankan Airlines
75%
United Airlines
75%
Air Cairo
63%
ANA
63%
Corendon Airlines
63%
Discover Airlines
63%
Nouvelair
63%
SKY Express
63%
SunExpress
63%
TAROM
63%
Turkmenistan Airlines
63%
AJet
50%
HiSky
50%
MIAT Mongolian Airlines
50%
Air Montenegro
38%
FlyErbil
38%
Freebird Airlines
38%
T'Way Air
38%
Centrum Air
13%
Nile Air
13%
Qanot Sharq
13%
Air Anka
0%
Danish Air Transport
0%
LEAV
0%
Nesma Airlines
0%
SATA Azores Airlines
0%
SkyUp Airlines
0%
Star East Airlines
0%
No matching quizzes found
Score Distribution
Percent of People with Each Score
Percentile by Number Answered
Your Score History
You have not taken this quiz since the last reset